KVB Köln: Linie 18 - Statistiken

Allgemein
  • Dieses Quiz wurde 332 mal gespielt
    259 seit der letzten Aktualisierung
  • Das Durchschnittsergebnis liegt bei 29 aus 50
Antwortstatistiken
Haltestelle % Korrekt
Dom/Hauptbahnhof
95%
Breslauer Platz/Hauptbahnhof
91%
Neumarkt
91%
Bonn Hauptbahnhof
90%
Barbarossaplatz
87%
Poststraße
80%
Ebertplatz
79%
Zoo/Flora
79%
Appellhofplatz
77%
Thielenbruch
77%
Hürth-Hermülheim
75%
Klettenbergpark
73%
Sülzgürtel
73%
Eifelwall/Stadtarchiv
70%
Mülheim Wiener Platz
70%
Bahnhof Mülheim
66%
Slabystraße
66%
Brühl Mitte
63%
Sülzburgstraße
62%
Brühl Nord
61%
Efferen
61%
Brühl Süd
60%
Reichenspergerplatz
59%
Weißhausstraße
59%
Arnulfstraße
54%
Bonn West
53%
Schwadorf
53%
Bornheim
51%
Dellbrück Mauspfad
50%
Fischenich
50%
Kiebitzweg
49%
Boltensternstraße
47%
Buchheim Herler Straße
46%
Brühl-Vochem
45%
Holweide Vischeringstraße
45%
Alfter / Alanus Hochschule
43%
Dellbrück Hauptstraße
43%
Badorf
41%
Maria-Himmelfahrt-Straße
39%
Dransdorf
38%
Roisdorf West
38%
Merten
37%
Walberberg
36%
Bornheim Rathaus
35%
Brühler Straße
35%
Neufelder Straße
34%
Wichheimer Straße
34%
Waldorf
33%
Dersdorf
29%
Robert-Kirchhoff-Straße
29%
Keine übereinstimmenden Quizze gefunden
Verteilung der Resultate
Anzahl Personen mit jedem Resultat
Perzentil nach korrekt beantworteten Fragen
Ihre Resultats-Entwicklung
Sie haben dieses Quiz seit der letzten Aktualisierung nicht gespielt